01010nam a2200217Ia 450000500170000000800410001702000180005804100080007608200130008410000220009724500690011926000390018830000090022750000850023665000920032170000450041394200070045899900170046595201550048295201550063720230202121332.0230125s9999 xx 000 0 und d a9788178815275 aeng a658bBAN aBanerji A9115868 aDevelopment Management Under Evolving ParadigmsbThe Indian case c2005bICFAI publicationaHyderabad a226p aGeneral Management;Case Studies;Case Studies in Management;Case Studies - ICFAI  aGeneral Management;Case Studies;Case Studies in Management;Case Studies - ICFAI9119134 aBanerji A & Abhyankar M W, Donor9115869 cDB c93639d93639 00104070aHIMRbHIMRd2015-06-18eDonated Book- Outside Donarg1.00o658 BAN DB2020pHIMR-DB-2020r2023-01-25 00:00:00v1.00w2023-01-25yDBzDB2020 00104070aHIMRbHIMRd2015-12-02eDonated Book- Outside Donarg1.00o658 BAN DB2261pHIMR-DB-2261r2023-01-25 00:00:00v1.00w2023-01-25yDBzDB2261